| 000 | 00513ntaaa2200181 4500 | ||
|---|---|---|---|
| 003 | 01 | ||
| 005 | 20251027201228.0 | ||
| 008 | 0714s1973 ag 01 | ||
| 040 |
_aAR-BaBN _bspa _cAR-BaBN _eaacr _dRIC |
||
| 082 | _a220.91 T73 | ||
| 100 |
_aTristram, H. B. _910309 |
||
| 245 |
_aBible places or the topography of the Holy Land / _cH. B. Tristram |
||
| 250 |
_a1 ed. : _bSociety for Promoting Christian Knowledge, _cc1878 |
||
| 300 | _axvi, 367 p. | ||
| 650 |
_aPalestina _95160 |
||
| 650 | _aGeografĂa | ||
| 942 | _cBK | ||
| 999 |
_c6610 _d6610 |
||